El poeta y la mina / (Record no. 58733)

MARC details
000 -LEADER
campo de control de longitud fija 00570nam a2200205 i 4500
001 - NÚMERO DE CONTROL
campo de control 58733
003 - IDENTIFICADOR DE NÚMERO DE CONTROL
campo de control ES-MaACL
005 - FECHA Y HORA DE LA ÚLTIMA TRANSACCIÓN
campo de control 20230906163855.0
007 - CAMPO FIJO DE DESCRIPCIÓN FÍSICA--INFORMACIÓN GENERAL
campo de control de longitud fija t|
008 - DATOS DE LONGITUD FIJA--INFORMACIÓN GENERAL
campo de control de longitud fija 031023s1966 sp ||||1| spa d
100 1# - ENTRADA PRINCIPAL--NOMBRE DE PERSONA
Nombre de persona Efak, Guillermo d'.
9 (RLIN) 46682
245 13 - MENCIÓN DEL TÍTULO
Título El poeta y la mina /
Mención de responsabilidad, etc. Guillem d' Efak.
260 ## - PUBLICACIÓN, DISTRIBUCIÓN, ETC.
Lugar de publicación, distribución, etc. Palma de Mallorca :
Nombre del editor, distribuidor, etc. [s.n.,
Fecha de publicación, distribución, etc. 1966]
300 ## - DESCRIPCIÓN FÍSICA
Extensión 48 p., 11 lám. ;
Dimensiones 25 cm.
490 1# - MENCIÓN DE SERIE
Mención de serie Pedra viva
700 1# - ENTRADA AGREGADA--NOMBRE PERSONAL
Nombre de persona Martínez Pavía, Pere.
9 (RLIN) 78313
830 0# - PUNTO DE ACCESO ADICIONAL DE SERIE-TÍTULO UNIFORME
Título uniforme Pedra viva
9 (RLIN) 230487
852 ## - LOCALIZACIÓN
Ubicación ES-MaACL
Número de control de estantería C-32016
Sublocalización o colección R.62632
Holdings
Estatus retirado Estado de pérdida Estado de daño No para préstamo Biblioteca de origen Biblioteca actual Ubicación en estantería Fecha de adquisición Fuente de adquisición Total de préstamos Signatura topográfica completa Código de barras Visto por última vez Precio de reemplazo Tipo de ítem Koha
        Biblioteca del Ateneo de Madrid Biblioteca del Ateneo de Madrid Depósito 2 17/01/2008     C-32016 1061616 23/02/2023 23/02/2023 Libro impreso